书目信息 |
| 题名: |
线性代数概率统计
|
|
| 作者: | 李国仁 , 杨福民 主编 | |
| 分册: | ||
| 出版信息: | 重庆 重庆大学出版社 1998.03 |
|
| 页数: | 210页 | |
| 开本: | 16开 | |
| 丛书名: | ||
| 单 册: | ||
| 中图分类: | TB114 | |
| 科图分类: | ||
| 主题词: | 工程数学 | |
| 电子资源: | ||
| ISBN: | 7-5624-1674-5 | |
| 000 | 00602nam0 2200205 45 | |
| 001 | 0008211771 | |
| 005 | 20010216152757.1 | |
| 010 | @a7-5624-1674-5@d13.50元 | |
| 100 | @a20000821d1998 km y0chiy0120 ea | |
| 101 | 0 | @achi |
| 105 | @a z 000yy | |
| 200 | 1 | @a线性代数概率统计@AXian Xing Dai Shu Gai Lu Tong Ji@f李国仁,杨福民主编@FLi Guo Ren,Yang Fu Min Zhu Bian |
| 210 | @a重庆@c重庆大学出版社@d1998.03 | |
| 215 | @a210页@d16开 | |
| 606 | 0 | @a工程数学 |
| 690 | @aTB114@v3 | |
| 701 | 0 | @a李国仁@4主编 |
| 701 | 0 | @a杨福民@4主编 |
| 801 | @aCN@bPftUser@c20000821 | |
| 905 | @dTB114@eL705@b322585-587@f3 | |
| 线性代数概率统计/李国仁,杨福民主编.-重庆:重庆大学出版社,1998.03 |
| 210页;16开 |
| ISBN 7-5624-1674-5:13.50元 |
| ● |
| 相关链接 |
|
|
|
正题名:线性代数概率统计
索取号:TB114/L705
 
预约/预借
| 序号 | 登录号 | 条形码 | 馆藏地/架位号 | 状态 | 备注 |
| 1 | 322583 | 203225839 | 自科二线504/501自科库 2排1列1层/ [索取号:TB114/L705] | 在馆 | |
| 2 | 322584 | 203225848 | 期刊室512/501自科库 2排1列1层/ [索取号:TB114/L705] | 在馆 | |
| 3 | 322585 | 203225857 | 期刊室512/501自科库 2排1列1层/ [索取号:TB114/L705] | 在馆 |